000 00659nam a2200181Ia 4500
005 20250423100405.0
008 250422s9999 xx 000 0 und d
020 _a9780323627
050 _aHD 9577.N52 .T36/
100 _aTamuno, Tekena N.
245 0 _aOil wars in Niger Delta (1849 - 2009)
260 _aIbadan
260 _bStirling-Horden Publishers Limited
260 _c2011
300 _a338 p
650 _a Petroleum industry and trade--Political aspects--Niger. International business enterprises--Niger. Niger--Foreign relations. Niger--Economic conditions. Niger--Environmental conditions--Congresses.
942 _cBK
999 _c33161
_d33161